LEADER 04232nam 2200661 450 001 9910460872903321 005 20200520144314.0 010 $a3-486-85454-2 010 $a3-11-039881-8 024 7 $a10.1515/9783486854541 035 $a(CKB)3710000000543559 035 $a(EBL)4234795 035 $a(MiAaPQ)EBC4234795 035 $a(DE-B1597)242216 035 $a(OCoLC)979884300 035 $a(DE-B1597)9783486854541 035 $a(Au-PeEL)EBL4234795 035 $a(CaPaEBR)ebr11137180 035 $a(CaONFJC)MIL881755 035 $a(OCoLC)935254319 035 $a(EXLCZ)993710000000543559 100 $a20160204h20162016 uy 0 101 0 $ager 135 $aur|n|---||||| 181 $2rdacontent 182 $2rdamedia 183 $2rdacarrier 200 00$aImmobilieno?konomie I $eBetriebswirtschaftliche Grundlagen /$fherausgegeben von Karl-Werner Schulte, Stephan Bone-Winkel, Wolfgang Scha?fers 205 $a5., grundlegend u?berarbeitete Auflage. 210 1$aBerlin, [Germany] ;$aBoston, [Massachusetts] :$cDe Gruyter Oldenbourg,$d2016. 210 4$d©2016 215 $a1 online resource (1102 p.) 225 0 $aImmobilienökonomie ;$vBand I 300 $aDescription based upon print version of record. 311 $a3-486-71255-1 320 $aIncludes bibliographical references and index. 327 $tFrontmatter -- $tInhalt -- $tVorwort zur fünften Auflage -- $tVorwort des Herausgebers zur vierten Auflage -- $tVorwort des Herausgebers zur dritten Auflage -- $tVorwort des Herausgebers zur zweiten Auflage -- $tVorwort des Herausgebers zur ersten Auflage -- $t1. Begriff und Besonderheiten der Immobilie als Wirtschaftsgut -- $t2. Bedeutung der Immobilienwirtschaft -- $t3. Immobilienökonomie als wissenschaftliche Disziplin -- $t4. Aus- und Weiterbildung für Immobilienberufe -- $t1. Unterscheidung nach Immobilienarten -- $t2. Art und Maß der baulichen Nutzung -- $t1. Institutionelle Aspekte der Immobilienökonomie -- $t1. Projektentwicklung -- $t2. Bau-Projektmanagement -- $t3. Real Estate Asset Management, Property Management und Facility Management -- $t1. Immobilienanalyse -- $t2. Immobilienbewertung -- $t3. Immobilienfinanzierung -- $t4. Immobilieninvestition -- $t5. Immobilienmarketing -- $t1. Institutionelles Immobilienmanagement -- $t2. Betriebliches Immobilienmanagement -- $t3. Öffentliches Immobilienmanagement -- $t4. Kirchliches Immobilienmanagement -- $t5. Privates Immobilienmanagement -- $t1. Immobilien-Rechnungslegung -- $t2. Immobilien-Controlling -- $t3. Corporate Social Responsibility in Immobilienunternehmen -- $t4. Corporate Governance bei Immobilienunternehmen -- $t5. Immobilien-Risikomanagement -- $tAutorenverzeichnis -- $tSachverzeichnis 330 $aBand I führt in die betriebswirtschaftlichen Grundlagen ein. Der Schwerpunkt liegt dabei auf den funktionalen Aspekten der Immobilieninvestition und -finanzierung, der Immobilienanalyse und -bewertung sowie des Immobilienmarketings. Ein weiterer Gegenstand des Buches ist das Management von Immobilienunternehmen. Darüber hinaus sind in dieser Reihe erschienen: Band II: Rechtliche GrundlagenBand III: Stadtplanerische GrundlagenBand IV: Volkswirtschaftliche Grundlagen 330 $aVolume I offers an introduction to the fundamentals of the real estate business. The focus is placed on the functional aspects of real estate investment and financing, real estate analysis and valuation, and, additionally, on real estate marketing. Another major topic covered by the book is the management of real estate investment trusts. 606 $aReal estate business$zGermany 606 $aReal estate development$zGermany 606 $aReal estate investment$zGermany 608 $aElectronic books. 615 0$aReal estate business 615 0$aReal estate development 615 0$aReal estate investment 676 $a333.33 686 $aQT 360$2rvk 702 $aSchulte$b Karl-Werner 702 $aBone-Winkel$b Stephan 702 $aScha?fers$b Wolfgang 801 0$bMiAaPQ 801 1$bMiAaPQ 801 2$bMiAaPQ 906 $aBOOK 912 $a9910460872903321 996 $aImmobilieno?konomie I$92485957 997 $aUNINA LEADER 02229nam 2200529 450 001 9910811690603321 005 20230925114848.0 010 $a1-119-37912-1 010 $a1-119-37910-5 010 $a1-119-37911-3 035 $a(CKB)3710000001010387 035 $a(MiAaPQ)EBC4778401 035 $a(Au-PeEL)EBL4778401 035 $a(CaPaEBR)ebr11325721 035 $a(CaONFJC)MIL986143 035 $a(OCoLC)967938484 035 $a(EXLCZ)993710000001010387 100 $a20190116d2017 uy 0 101 0 $aeng 135 $aurcnu|||||||| 181 $ctxt$2rdacontent 182 $cc$2rdamedia 183 $acr$2rdacarrier 200 10$aBiomechanics $eoptimization, uncertainties and reliability /$fGhias Kharmanda, Abdelkhalak El Hami 210 1$aLondon, UK :$cISTE ;$aHoboken, NJ :$cWiley,$d2017. 215 $a1 online resource (xviii, 230 pages) $cillustrations 225 1 $aMechanical engineering and solid mechanics series 225 1 $aReliability of multiphysical systems set ;$v5 225 1 $aTHEi Wiley ebooks 311 $a1-78630-025-7 320 $aIncludes bibliographical references (pages 213-227) and index. 327 $aIntroduction to structural optimization -- Integration of structural optimization into biomechanics -- Integration of reliability into structural optimization -- Reliability-based design optimization model -- Reliability-based topology optimization model -- Integration of reliability and structural optimization into prosthesis design -- Appendix 1 : ANSYS code for stem geometry -- Appendix 2 : ANSYS code for mini-plate geometry -- Appendix 3 : ANSYS code for dental implant geometry -- Appendix 4 : ANSYS code for geometry of dental implant with bone. 410 0$aMechanical engineering and solid mechanics series. 410 0$aReliability of multiphysical systems set ;$v5. 410 0$aTHEi Wiley ebooks. 606 $aBiomechanics 615 0$aBiomechanics. 676 $a571.43 700 $aKharmanda$b Ghias$01609345 702 $aEl Hami$b Abdelkhalak 801 0$bMiAaPQ 801 1$bMiAaPQ 801 2$bMiAaPQ 906 $aBOOK 912 $a9910811690603321 996 $aBiomechanics$93936537 997 $aUNINA